Normal view
MARC view
- Govt of Pakistan press Karachi
Entry Corporate Name
001 - CONTROL NUMBER
- control field: 37861
003 - CONTROL NUMBER IDENTIFIER
- control field: NUST
005 - DATE AND TIME OF LATEST TRANSACTION
- control field: 20210314130427.0
008 - FIXED-LENGTH DATA ELEMENTS
- fixed length control field: 210314|| aca||aabn | a|a d
040 ## - CATALOGING SOURCE
- Original cataloging agency: NUST
- Transcribing agency: NUST
110 ## - HEADING--CORPORATE NAME
- Corporate name or jurisdiction name as entry element: Govt of Pakistan press Karachi
670 ## - SOURCE DATA FOUND
- Source citation: Work cat.: (NUST): Govt of Pakistan 11105, The second five year plan 1960-65
